000 00546nam a2200181 i 4500
001 142389
003 ES-MaACL
005 20230906200517.0
007 t|
008 071005s1972 sp a |||| |bspa d
080 _a929 Casanovas, Agustín (Sch. P.)
100 1 _aVilá Palá, Claudio.
_9114731
245 1 0 _aAgustín Casanovas, escolapio /
_cClaudio Vilá Palá.
260 _aSalamanca :
_b[s.n.],
_c1972 (
_fGráf. Visendo)
300 _a370 p. :
_bil. ;
_c22 cm.
600 1 4 _aCasanovas, Agustín.
_9163007
852 _aES-MaACL
_jC-49416
999 _c142389
_d142389